|
|
|
|
| LEADER |
00000nam0a2200000 4500 |
| 001 |
122902 |
| 005 |
20260414160508.0 |
| 035 |
|
|
|a (RuTPU)RU\TPU\book\133050
|
| 090 |
|
|
|a 122902
|
| 100 |
|
|
|a 20071010d2007 m y0rusy50 ca
|
| 101 |
0 |
|
|a rus
|
| 102 |
|
|
|a RU
|
| 105 |
|
|
|a a j 001zy
|
| 200 |
1 |
|
|a Математические основы обработки сигналов
|e практикум
|e учебное пособие
|f О. С. Вадутов
|g ТПУ
|
| 210 |
|
|
|a Томск
|c Изд-во ТПУ
|d 2007
|
| 215 |
|
|
|a 100 с.
|c ил.
|
| 225 |
1 |
|
|a Учебники Томского политехнического университета
|
| 320 |
|
|
|a Библиография: с. 98.
|
| 330 |
|
|
|a Практикум содержит четырнадцать работ по спектральному анализу и цифровой обработке сигналов. По всем работам приводится необходимый теоретический материал, методические указания, программа работы и контрольные вопросы. Все работы выполняются на персональном компьютере в среде программирования MathCAD. Практикум подготовлен на кафедре промышленной и медицинской электроники и предназначен для студентов, обучающихся по направлению 550700 «Электроника и микроэлектроника» .
|
| 606 |
1 |
|
|a Сигналы
|x Обработка
|x Математические основы
|2 stltpush
|3 (RuTPU)RU\TPU\subj\71411
|9 85332
|
| 610 |
1 |
|
|a гармонический анализ
|
| 610 |
1 |
|
|a разложение
|
| 610 |
1 |
|
|a дискретное интегрирование
|
| 610 |
1 |
|
|a дифференцирование
|
| 610 |
1 |
|
|a цифровые фильтры
|
| 610 |
1 |
|
|a исследование
|
| 610 |
1 |
|
|a станционарные случайные процессы
|
| 610 |
1 |
|
|a оценивание
|
| 610 |
1 |
|
|a спектральное оценивание
|
| 610 |
1 |
|
|a практикумы
|
| 610 |
1 |
|
|a лабораторные работы
|
| 610 |
1 |
|
|a учебные пособия
|
| 610 |
1 |
|
|a труды учёных ТПУ
|
| 675 |
|
|
|a 621.372:51(076.5)
|v 3
|
| 700 |
|
1 |
|a Вадутов
|b О. С.
|c специалист в области электроники
|c доцент Томского политехнического университета, кандидат технических наук
|f 1940-
|g Олег Самигулович
|3 (RuTPU)RU\TPU\pers\25384
|9 11327
|
| 712 |
0 |
2 |
|a Томский политехнический университет (ТПУ)
|3 (RuTPU)RU\TPU\col\376
|
| 801 |
|
1 |
|a RU
|b 63413507
|c 20071010
|g PSBO
|
| 801 |
|
2 |
|a RU
|b 63413507
|c 20211012
|g PSBO
|
| 942 |
|
|
|c BK
|